QuizKnock 朝からそれ正解! #1 - Statistics

General Stats
  • This quiz has been taken 138 times
  • The average score is 29 of 115
Answer Stats
Answer % Correct
{頭}がいい
79%
{あいさつ}ができない
74%
{あいさつ}を無視される
74%
エジソン
68%
新幹線
64%
{赤門}の無い方のキャンパスって言うとき
64%
鏡餅
58%
門松
54%
{金メダル}獲得の瞬間
44%
{夜間}に車を走らせてドライブ
42%
テトリス
41%
テスト
38%
{赤ちゃん}がなつかない
36%
白熱電球
35%
チカチーロ
30%
江崎玲於奈
30%
発光ダイオード
29%
旧作
28%
手計算
28%
かずのこ
27%
野球
26%
師走
26%
はげ頭
24%
書き初め
22%
ヤールギュレシ
20%
函嶺洞門
20%
安楽死
20%
キッテル固体物理学
19%
あるあるネタとして{センター試験}の話
18%
超人
18%
そろばん
16%
白色電球
15%
山登り
15%
素因数分解
15%
ハロゲンランプ
14%
矢数俳諧
14%
{アチココ}のメニュー変更
13%
無理強い
12%
朝寝坊
12%
陸羯南
11%
無視
11%
シャネル
11%
夜勤
11%
ソクラテス
11%
朝帰り
11%
君の名は。
11%
蟹工船
10%
工藤新一
10%
かいけつゾロリ
10%
シェパード
10%
金曜ロードショー
10%
速記
10%
ああ無情
10%
チャックノリス
10%
エンゲルバート
10%
はじめしゃちょー
9%
エリックカール
9%
キングダム
9%
カラマーゾフの兄弟
8%
エリクソン
8%
シベリア超特急
8%
江川太郎左衛門
8%
相対性理論
8%
創作
8%
京都駅
8%
チアゴシウバ
7%
禁断ボーイズ
7%
シンガポール
6%
チアリーダー
6%
やすみなし
6%
てんびんばかり
5%
存在と時間
5%
チャップリン
5%
チョパンダース
5%
チャーン賞
5%
{シャルル・ド・クーロン}先生
4%
{久保田未夢}さん
4%
ムシキング
4%
テックキャンプ
4%
エイゼンシュテイン
4%
相続
4%
キスマイBUSAIKU!?
4%
アメリカ南北戦争
3%
ソマリア内戦
3%
記憶の固執
2%
No matching quizzes found
Score Distribution
Percent of People with Each Score
Percentile by Number Answered
Your Score History
You have not taken this quiz